000 00522nam a2200181Ia 4500
003 OSt
005 20260124095301.0
008 210210b1965 xxu||||| |||| 00| 0 eng d
040 _cAL
041 _aKannada
082 _a858/85
100 _aNANDA (B R)
_9164381
_dನಂದಾ (ಬಿಆರ್)
245 _aMotillal Javaharlal Neharu:
_bಮೋತಿಲಾಲ್ ಜವಾಹರ್ ಲಾಲ್ ನೆಹರು
260 _aHubballi
_b-
_c1965
690 _aBiography
_9164383
906 _a020629
942 _2ddc
_cBK
999 _c144783
_d144783